LEADER 01433nam a2200289 i 4500 001 000000347203 003 CaOOAMICUS 005 20210805103035.0 008 210804s1991 be u000 u fre u 013 $a10600 020 $a2-906805-02-5 040 $aSeMil$bita 110 2 $aCentre d'analyse et de documentation patristiques .$0(OLS)http://semarc/name/114364 245 10$aFigures du Nouveau Testament chez les Pères /$c[publié par le] Centre d'analyse et de documentation patristiques . 264 1$aStrasbourg :$bCentre d'analyse et de documentation patristiques,$c1991. 300 $a234 p. ;$c21 cm. 490 1 $aCahiers de Biblia patristica ;$v3 650 4$aBibbia - Personaggi.$0(OLS)http://semarc/subject/4777 650 4$aBibbia - NT - Interpretazione patristica.$0(OLS)http://semarc/subject/50767 650 4$aPadri della Chiesa - Commenti biblici.$0(OLS)http://semarc/subject/120 830 0$aCahiers de Biblia patristica ;$v3.$0(OLS)http://semarc/title/21349 850 $aSeMil 852 $aSeMil$W1$xVenegono$y1$m2BA D 3$j227637$B238271$CSeMilBibl$Z2$F238271 $81 996 $6020$a2-906805-02-5$9(OLS)http://semarc/number/293759 996 $6245$aFigures du Nouveau Testament chez les Pères$9(OLS)http://semarc/title/436453 996 $6264$aStrasbourg :$bCentre d'analyse et de documentation patristiques$9(OLS)http://semarc/publisher/34328 LEADER 01318nam a2200277 i 4500 001 000000055957 003 CaOOAMICUS 005 20071218000000.0 008 071218s1970 it u000 u ita u 013 $a27129 040 $aSeMil$bita 100 1 $aSisca, Alfredo.$0(OLS)http://semarc/name/28201 245 10$aCultura e letteratura :$brapporti tra cultura regionale e nazionale : Manzoni, Verga, Fogazzaro /$cAlfredo Sisca. 260 $aRavenna :$bLongo,$c1970. 300 $a263 p. ;$c22 cm. 490 0 $aIl portico : biblioteca di lettere e arti ;$v29. 600 14$aFogazzaro, Antonio <1842-1911>.$0(OLS)http://semarc/subject/11376 600 14$aManzoni, Alessandro <1785-1873>.$0(OLS)http://semarc/subject/1531 600 14$aVerga, Giovanni <1840-1922>.$0(OLS)http://semarc/subject/11370 650 4$aLetteratura italiana - Saggi.$0(OLS)http://semarc/subject/1861 830 3$aIl portico [Longo] ;$v29.$0(OLS)http://semarc/title/5606 850 $aSeMil 852 $aSeMil$W1$xVenegono$y1$m1Q V 59$j22111$B22111$CSeMilBibl$Z2$F22113 $81 961 $aOmaggio: Poma mons. Gianfranco 996 $6245$aCultura e letteratura :$brapporti tra cultura regionale e nazionale : Manzoni, Verga, Fogazzaro$9(OLS)http://semarc/title/86898 996 $6260$aRavenna :$bLongo$9(OLS)http://semarc/publisher/30720